| 000 | 00739nam a2200265Ia 4500 | ||
|---|---|---|---|
| 001 | 835 | ||
| 005 | 20240113233432.0 | ||
| 007 | ta | ||
| 008 | 050125s1883 a g b000 u eng u | ||
| 020 | _cHB | ||
| 040 | _aCotton College Assam | ||
| 041 | _aeng | ||
| 082 |
_a294 _bMu 912 Fo |
||
| 100 | _aBodhisattva, Asvaghosha . | ||
| 245 | 0 |
_aFo-Sho-Hing Tsan-King: A life of Buddha Vol. XIX / _cAsvaghosha Bodhisattva. _hTextual Documents |
|
| 250 | _a1st ed. / | ||
| 260 |
_aDelhi : _bLow price publications , _c1883. |
||
| 300 |
_a380p. : _bill ; _c21cm . |
||
| 653 | _aReligious-Literature | ||
| 653 | _aReference-Assamese | ||
| 700 | _aMuller, F. Max . | ||
| 942 |
_2ddc _cBK |
||
| 999 |
_c833 _d833 |
||